000 00985nam a2200289Ia 4500
001 Para_1382
003 CHAP
008 220125s1999 xx 000 0 und d
010 _a200090
040 _cCHAP
090 _aPA TESIS 1323
100 _aHernández Santos, Antonio Alfonso
_954605
245 _aControl químico postemergente de malezas en sorgo (Sorghum bicolor L. Moench), en Chapingo, Méx. /
_c por Antonio Alfonso Hernández Santos
260 _aChapingo, Méx. :
_b El autor
300 _a48 h.
502 _aTesis (Ing. Agr. Esp. en Parasitología Agrícola), UACh. Depto. Parasitología
650 _aMalas hierbas
_x control
_970011
650 _aSorgo
_x malas hierbas
_xcontrol
_9108692
710 _aUACh. Departamento de Parasitología Agrícola
_9115877
901 _aPA TESIS 1323
902 _aA
905 _a0000001999 n 0000000000 00
910 _a1999
942 _cPARA
942 _cPARA
_d1
999 _c200090
_d200090